Effects of salinity on germination, initial growth stage and nutrient contents of mungbean / (Record no. 16147)

MARC details
000 -LEADER
fixed length control field 01090nam a22002657a 4500
003 - CONTROL NUMBER IDENTIFIER
control field BD-DhSAU
005 - DATE AND TIME OF LATEST TRANSACTION
control field 20221101102431.0
008 - FIXED-LENGTH DATA ELEMENTS--GENERAL INFORMATION
fixed length control field 150612b2021 bg ad||| m||| 00| 0 eng d
040 ## - CATALOGING SOURCE
Original cataloging agency BD-DhSAU
082 ## - DEWEY DECIMAL CLASSIFICATION NUMBER
Edition number 22
Classification number 630.2
Item number Is41
100 ## - MAIN ENTRY--PERSONAL NAME
Personal name ISLAM, MONIRUL
Relator term Registration no. # 14-06259
245 ## - TITLE STATEMENT
Title Effects of salinity on germination, initial growth stage and nutrient contents of mungbean /
Remainder of title MS thesis
260 ## - PUBLICATION, DISTRIBUTION, ETC. (IMPRINT)
Place of publication, distribution, etc. Sher-e-Bangla Agricultural Uniersity :
Name of publisher, distributor, etc. Department of Agricultural Chemistry,
Date of publication, distribution, etc. 2021
300 ## - PHYSICAL DESCRIPTION
Extent vii, 53 p. :
Other physical details ill. ;
Dimensions 30 cm.
500 ## - GENERAL NOTE
General note MS thesis of Department of agricultural Chemistry , Sher-e-Bangla Agricultural University, Dhaka, Bangladesh
504 ## - BIBLIOGRAPHY, ETC. NOTE
Bibliography, etc Includes bibliographical reference.
590 ## - Name of Cataloguer
Name of Cataloger Nazmul
650 ## - SUBJECT ADDED ENTRY--TOPICAL TERM
Topical term or geographic name as entry element salinity on germination
650 ## - SUBJECT ADDED ENTRY--TOPICAL TERM
Topical term or geographic name as entry element nutrient contents
651 ## - SUBJECT ADDED ENTRY--GEOGRAPHIC NAME
Geographic name mungbean
700 ## - ADDED ENTRY--PERSONAL NAME
Personal name Prof. Dr. Md. Abdur Razzaque
Relator term Superviser
700 ## - ADDED ENTRY--PERSONAL NAME
Personal name Prof.Dr. Md.Tazul Islam chowdhury
Relator term Co-superviser
856 ## - ELECTRONIC LOCATION AND ACCESS
Uniform Resource Identifier <a href="http://archive.saulibrary.edu.bd:8080/xmlui/handle/123456789/4211">http://archive.saulibrary.edu.bd:8080/xmlui/handle/123456789/4211</a>
942 ## - ADDED ENTRY ELEMENTS (KOHA)
Source of classification or shelving scheme Dewey Decimal Classification
Koha item type MS Level Thesis
Holdings
Withdrawn status Lost status Source of classification or shelving scheme Damaged status Not for loan Collection code Home library Branch Name Date acquired Total Checkouts Full call number Barcode Date last seen Price effective from Koha item type
    Dewey Decimal Classification   Not For Loan Reference SAU Library SAU Library 01/11/2022   630.2 Is41 43747 01/11/2022 01/11/2022 MS Level Thesis